00722cam a22001817a 450000500170000002000180001704100080003508200180004310000280006124500770008926000500016630000340021650400660025065000250031694200120034199900170035395201700037020260504121226.0 a9780198075479 aENG a658.4034bPRA1 aPai, Pradeep Prabhakar.10aOperations research :bprinciples and practice /cPradeep Prabhakar Pai. aNew Delhi :bOxford University Press ,c2012. axvi, 827 p. :bill. ;c24 cm. aIncludes bibliographical references (p. [822]-823) and index. 0aOperations research. 2ddccBK c24332d24332 00102ddc4070aIPEbIPEcS Campusd2026-05-04eGifted by Prof. S. Sathish Kumar (IPE Faculty )g895.00l0o658.4034 PRAp51047r2026-05-04 12:13:34w2026-05-04yBK